Σύγχρονες Χώρες της Μακεδονικής Αυτοκρατορίας με Χάρτη - Statistics

General Stats
  • This quiz has been taken 31 times
  • The average score is 18 of 26
Answers on the Map
Answers color-coded by a green-red scale on the quiz's map according to % correct below.
 
Answer Stats
Χώρες % Correct
Ελλάδα
92%
Ιράν
92%
Αίγυπτος
88%
Λίβανος
88%
Τουρκία
88%
Βουλγαρία
83%
Ιράκ
83%
Ισραήλ
83%
Πακιστάν
83%
Βόρεια Μακεδονία
79%
Συρία
75%
Αφγανιστάν
71%
Ινδία
71%
Ρουμανία
67%
Τουρκμενιστάν
67%
Αλβανία
63%
Ιορδανία
63%
Κιργιζία
63%
Λιβύη
63%
Ουζμπεκιστάν
63%
Τατζικιστάν
63%
Σερβία
58%
Κόσοβο
50%
Κουβέιτ
50%
Αρμενία
38%
Ουκρανία
38%
No matching quizzes found
Score Distribution
Percent of People with Each Score
Percentile by Number Answered
Your Score History
You have not taken this quiz